| 000 | 00746nam a22002177a 4500 | ||
|---|---|---|---|
| 003 | BUBTL | ||
| 008 | 211207b ||||| |||| 00| 0 eng d | ||
| 020 | _a9789849137528 | ||
| 082 | _a954.925/ R1293b/ 2008 | ||
| 100 |
_94449 _aরহমান, মিজান |
||
| 245 |
_aবঙ্গবন্ধু / _cমিজান রহমান |
||
| 250 | _a1st Edn. | ||
| 260 |
_aঢাকা : _bভাষাপ্রকাশ, _cc2008 |
||
| 300 |
_a542 p. : _bill. ; _c21 cm. |
||
| 505 | _aবঙ্গবন্ধু, মিজান রহমান, Bangabandhu | ||
| 650 | 0 |
_93573 _aবঙ্গবন্ধু |
|
| 650 | 0 |
_94372 _aBangabandhu |
|
| 856 |
_k0 _l0 _yDownload |
||
| 942 |
_2ddc _cBK |
||
| 999 |
_c6600 _d6600 |
||